000 00245nam a22000857a 4500
999 _c11373
_d11373
008 190402b ||||| |||| 00| 0 eng d
100 _aArora Sumita
_97111
245 _aComputer Science with C++ Class-XII
260 _aNew Delhi
_bDhanpat Rai & Co
_c2012